000
00274nam a2200121 a 4500
008
101026s1968|||| d
100
1
_a
Marič, Mihailo
245
1
0
_a
Kráľ bez trónu
020
_c
24
260
_b
VPL
_a
Bratislava
_c
1968
041
_a
slo
044
_a
xo
_c
SK
999
_c
12284
_d
12284